| 000 | 00795cam a22002411i 4500 | ||
|---|---|---|---|
| 001 | e 26000076 | ||
| 003 | DLC | ||
| 005 | 20260227111216.0 | ||
| 008 | 820121s1926 xx 000 0 eng | ||
| 010 | _ae 26000076 | ||
| 035 | _a(OCoLC)8080898 | ||
| 040 |
_aDLC _cKWS _dDLC |
||
| 042 | _apremarc | ||
| 050 | 0 | 0 |
_aL111 _b.A6 1925, no. 33 |
| 051 |
_aLA210 _b.F6 |
||
| 100 | 1 |
_aFoster, Merle A., _d1890- |
|
| 245 | 1 | 0 |
_aEducation pays the state/ _cby Merle A. Foster, principal statistical assistant, Bureau of education. |
| 260 |
_aWashington : _bGovt. print. off., _c1926. |
||
| 300 |
_a27 p. : _bill. ; _c23 cm. |
||
| 490 | 0 |
_aU. S. Bureau of education. Bulletin, 1925 ; _vno. 33 |
|
| 500 | _aAt head of title: Department of the interior... | ||
| 650 | 0 |
_aEducation _zUnited States _xFinance. |
|
| 999 |
_c20803 _d20803 |
||